[Event "Dekweneh op"]
[Site "Dekweneh"]
[Date "2023.03.01"]
[Round "5"]
[White "Helou, Jad Bechara"]
[Black "Attieh, Kate"]
[Result "0-1"]
[WhiteElo "1438"]
[BlackElo "1361"]
[PlyCount "98"]
[EventDate "2023.02.25"]
[EventType "tourn"]
[EventRounds "9"]
[EventCountry "LBN"]
[SourceTitle "CBM 213 Extra"]
[Source "ChessBase"]
[SourceDate "2023.05.31"]
[SourceVersion "1"]
[SourceVersionDate "2023.05.31"]
[SourceQuality "1"]

1. d4 Nf6 2. c4 e6 3. Nc3 d5 4. cxd5 Nxd5 5. e4 Nf6 6. Bg5 Be7 7. Nf3 h6 8. Bh4 Nxe4 9. Bxe7 Nxc3 10. Bxd8 Nxd1 11. Bxc7 Nxb2 12. Rb1 Na4 13. Bb5+ Bd7 14. Bxd7+ Kxd7 15. Bg3 Nb6 16. Ne5+ Ke7 17. Bh4+ g5 18. Bg3 Rd8 19. Rc1 N8d7 20. 0-0 Rac8 21. Nf3 Rxc1 22. Rxc1 Rc8 23. Rxc8 Nxc8 24. h4 f6 25. hxg5 hxg5 26. Kh2 Nd6 27. Nd2 Nf5 28. Nb3 Nxg3 29. Kxg3 f5 30. f4 gxf4+ 31. Kxf4 Kd6 32. g4 fxg4 33. Kxg4 Kd5 34. Kf4 b6 35. Ke3 Nb8 36. Kd3 Nc6 37. a3 Na5 38. Nxa5 bxa5 39. a4 a6 40. Kc3 Ke4 41. Kc4 Ke3 42. Kc3 Kf4 43. Kd3 Kf3 44. d5 exd5 45. Kd4 Ke2 46. Kxd5 Kd3 47. Kc5 Kc3 48. Kb6 Kb4 49. Kxa6 Kxa4 0-1